00665 2200229 4500001002100000005001700021008004100038035002400079082000800103090001500111100001500126245012300141260002800264300003100292500003100323500001100354650002100365850001500386980001300401985000600414999001500420YOGYA-0209000000623820090227020859.0 ind  0010-020900000006238 a179 a179bSin D aSINDHUNATA aDilema usaha manusia rasionalbkritik masyarakat modern oleh Max Horkheimer dalam rangka Sekolah FrankfurtcSindhunata aJakartabGramediac1982 axxvi, 179 hlmbilusc21 cm aBibliografi : hlm. 161-164 aIndeks aFilsafat Manusia aYOPDYOG[B] a05-07-05 a1 aP000020590